| 000 | 00520nam a22001697a 4500 | ||
|---|---|---|---|
| 005 | 20241002135338.0 | ||
| 008 | 241002b |||||||| |||| 00| 0 eng d | ||
| 020 | _a9781485140276 | ||
| 041 | _aEnglish | ||
| 082 | _a346.7 HOC | ||
| 100 | _lEnglish | ||
| 245 |
_aHockly's Law of Insolvency winding-up and Business Rescue / _cA Smith, K van der Linde and J Calitz |
||
| 250 | _aTenth Edition | ||
| 260 |
_alxxiv, 640 pages; _b25 cm. |
||
| 650 |
_aLegal practice _bLaw |
||
| 942 |
_cBK _6ALISON_BN_VRIES |
||
| 999 |
_c3198 _d3198 |
||